Subspecies of Big Cats - Statistics

General Stats
  • This quiz has been taken 7 times
  • The average score is 8 of 31
Answer Stats
Species (Sub)species Populations Common name IUCN Estimated
population
% Correct
Panthera uncia Panthera uncia Snow leopard VU 4,080-6,590
100%
Panthera leo Panthera leo leo India Asiatic lion EN 891
83%
Panthera tigris Panthera tigris tigris Bangladesh, India Bengal tiger EN 3,728-4,282
83%
Panthera tigris tigris China, Russia, (North Korea) Siberian tiger CR ~400
67%
Panthera leo leo Benin, Burkina Faso, Niger West African lion CR 120-374
50%
Panthera leo leo Cameroon, CAR, Chad, DRC, Ethiopia, South Sudan, Sudan, Central African lion VU ~1000
33%
Panthera pardus fusca Indian leopard NT 13,874
33%
Panthera onca Panthera onca Jaguar NT ~173,000
33%
Panthera tigris sondaica Indonesia Javan tiger EX 0
33%
Neofelis nebulosa Neofelis nebulosa Bangladesh, Butan, China, India, Malaysia, Nepal, Thailand Mainland clouded leopard VU 3,700-5,600
33%
Panthera tigris sondaica Indonesia Sumatran tiger CR 400-600
33%
Panthera pardus Panthera pardus pardus African leopard VU ~100,000
17%
Panthera pardus orientalis Amur leopard CR ~100
17%
Panthera pardus nimr Arabian leopard CR 100-120
17%
Panthera tigris sondaica Indonesia Bali tiger EX 0
17%
Neofelis diardi borneensis Neofelis diardi borneensis Bornean clouded leopard EN ~3,800
17%
Panthera leo melanochaita South Africa Cape lion EX 0
17%
Panthera tigris tigris Afghanistan, Armenia, Azerbaijan, Georgia, Iran, Kazakhstan, Kyrgyzstan, Tajikistan, Turkmenistan, Turkey, Uzbekistan Caspian tiger EX 0
17%
Neofelis nebulosa Taiwan Formosan clouded leopard EX 0
17%
Panthera tigris tigris Myanmar, Thailand Indochinese tiger CR ~220
17%
Panthera pardus melas Javan leopard EN 250-350
17%
Panthera tigris tigris Malaysia Malayan tiger CR ~150
17%
Panthera tigris tigris China South China tiger EW 200-250
17%
Neofelis diardi diardi Sumatran clouded leopard EN ~700
17%
Panthera leo leo Algeria, Egypt, Libya, Mauritania, Morocco, Tunesia Barbary lion EX 0
0%
Panthera pardus delacouri Indochinese leopard CR ~900
0%
Panthera leo melanochaita Ethiopia, Kenya, Somalia North East African lion ? ~1500
0%
Panthera pardus tulliana Persian leopard EN 870-1,290
0%
Panthera leo melanochaita Kenya, DRC, Tanzania, Mozambique, Malawi, Zambia, Namibia, South Africa South East African lion ? ~13,000
0%
Panthera leo melanochaita Angola, Botswana, Namibia, Zimbabwe South West African lion ? ~4,600
0%
Panthera pardus kotiya Sri Lankan leopard VU 800-1,000
0%
No matching quizzes found
Score Distribution
Percent of People with Each Score
Percentile by Number Answered
Your Score History
You have not taken this quiz